000 00834cam a22002531i 4500
001 j 67003486
003 DLC
005 20260227111522.0
008 031024s1948 ja 000 0 jpn
010 _aj 67003486
035 _a(CStRLIN)DCLP03-B15859
040 _aDLC
_cDLC-R
_dDLC-R
_dDLC
050 0 0 _aPL794.Z5
_bN3
066 _c$1
100 1 _6880-01
_aNakatani, Hiroshi,
_d1899-
245 1 0 _6880-02
_aSaikaku no geijutsu /
_cNakatani Hiroshi cho.
260 _6880-03
_aTōkyō :
_bFuji Shuppan,
_cShōwa 23 [1948]
300 _a2, 275 p. ;
_c19 cm.
600 1 0 _6880-04
_aIhara, Saikaku,
_d1642-1693.
880 1 _6100-01/$1
_a中谷博,
_d1899-
880 1 0 _6245-02/$1
_a西鶴の藝術 /
_c中谷博著.
880 _6260-03/$1
_a東京 :
_b冨士出版,
_c昭和 23 [1948]
880 1 4 _6600-04/$1
_a井原西鶴,
_d1642-1693.
999 _c35170
_d35170